000 00336nam a22001217a 4500
008 230606b xxu||||| |||| 00| 0 eng d
082 _a341.249
_bRLP
245 _aKonrad Adenauer Stiftung African Law Study Library
260 _aNairobi,Kenya
_bRule of Law Program for Sub-Saharan Africa
300 _a79p
440 _v3
942 _2ddc
_cBK
999 _c746
_d746